Orientaciones éticas para tiempos inciertos entre la escila del relativismo y la caribdis del fundamentalismo
Αποθηκεύτηκε σε:
| Κύριος συγγραφέας: | |
|---|---|
| Μορφή: | Βιβλίο |
| Γλώσσα: | Ισπανικά |
| Έκδοση: |
Bilbao
Desclée de Brouwer
2007
|
| Σειρά: | Biblioteca Manual Desclée
|
| Θέματα: | |
| Ετικέτες: |
Προσθήκη ετικέτας
Δεν υπάρχουν, Καταχωρήστε ετικέτα πρώτοι!
|
MARC
| LEADER | 00000nam a2200000 a 4500 | ||
|---|---|---|---|
| 001 | UCI3955 | ||
| 003 | CL-VaPUC | ||
| 008 | 071207e20070000SP |||||||||||||||||spa|d | ||
| 020 | |a 9788433021175 | ||
| 082 | 0 | 4 | |a 248.4 |b VID |2 21 |
| 100 | |a Vidal García, Marciano |e author |9 600968 | ||
| 245 | 1 | 0 | |a Orientaciones éticas para tiempos inciertos entre la escila del relativismo y la caribdis del fundamentalismo |
| 300 | |a 423 p | ||
| 942 | |c BK | ||
| 945 | |d 20071207 00:00:00 |a jtorresc | ||
| 260 | |a Bilbao |b Desclée de Brouwer |c 2007 | ||
| 650 | 0 | |a Moral cristiana |9 464237 | |
| 650 | 0 | |a Teología moral |9 256617 | |
| 650 | 0 | |a Ética religiosa |9 311520 | |
| 650 | 0 | |a Cristianismo |9 257361 | |
| 650 | 0 | |a Moral |9 265913 | |
| 583 | |a last modification |c 20071207 00:00:00 |k Rodrigo Vera | ||
| 490 | 0 | |a Biblioteca Manual Desclée | |
| 999 | |c 327983 |d 327981 | ||
| 952 | |0 0 |1 0 |4 0 |6 248_400000000000000_VID_2007 |7 0 |8 A |9 411615 |a BIBTEO |b BIBTEO |d 2019-11-22 |i 4394860 |l 1 |o 248.4 VID 2007 |p 4394860 |r 2025-01-17 |s 2023-03-21 |w 2019-11-22 |y BK |k ICR | ||